000 00298nam a22001337a 4500
008 170522b xxu||||| |||| 00| 0 eng d
020 _a0394716116
041 _aeng
080 _a94(7/8)
100 _a16
101 _aSHH
245 _aTHE CULTURE OF CONSUMPTION
_cWIGHTMAN, R
942 _2udc
_cBK
999 _c13686
_d13686